[Event "Blitz 2018"]
[Site "Saint-Petersburg"]
[Date "2018.12.29"]
[Round "7"]
[Board "14"]
[White "Alekseev Evgeny (RUS)"]
[Black "Nepomniachtchi Ian (RUS)"]
[Result "1/2-1/2"]
[LiveChessVersion "1.4.8"]
[BlackElo "2846"]
[WhiteElo "2634"]

1. e4 {[%clk 0:03:03]} c5 {[%clk 0:02:56]} 2. Nf3 {[%clk 0:03:03]} d6
{[%clk 0:02:57]} 3. d4 {[%clk 0:03:03]} cxd4 {[%clk 0:02:59]} 4. Qxd4
{[%clk 0:03:02]} Nf6 {[%clk 0:02:57]} 5. Bb5+ {[%clk 0:03:02]} Bd7
{[%clk 0:02:58]} 6. c4 {[%clk 0:03:02]} g6 {[%clk 0:02:56]} 7. Nc3
{[%clk 0:03:01]} Bg7 {[%clk 0:02:57]} 8. O-O {[%clk 0:03:02]} O-O
{[%clk 0:02:58]} 9. Qd3 {[%clk 0:03:02]} a6 {[%clk 0:02:58]} 10. Bxd7
{[%clk 0:03:00]} Nbxd7 {[%clk 0:02:59]} 11. Qe2 {[%clk 0:02:52]} Rc8
{[%clk 0:03:00]} 12. Bd2 {[%clk 0:02:51]} Ng4 {[%clk 0:02:56]} 13. Rac1
{[%clk 0:02:44]} e6 {[%clk 0:02:46]} 14. Rfd1 {[%clk 0:02:34]} Qe7
{[%clk 0:02:48]} 15. b3 {[%clk 0:02:28]} h6 {[%clk 0:02:46]} 16. h3
{[%clk 0:02:13]} Nge5 {[%clk 0:02:48]} 17. Nxe5 {[%clk 0:02:14]} Nxe5
{[%clk 0:02:49]} 18. Be3 {[%clk 0:02:08]} Rc6 {[%clk 0:02:50]} 19. a4
{[%clk 0:02:07]} Rfc8 {[%clk 0:02:50]} 20. a5 {[%clk 0:01:55]} Nd7
{[%clk 0:02:51]} 21. Na4 {[%clk 0:01:52]} Kh7 {[%clk 0:02:42]} 22. Nb6
{[%clk 0:01:39]} Nxb6 {[%clk 0:02:42]} 23. Bxb6 {[%clk 0:01:39]} Be5
{[%clk 0:02:38]} 24. Rd3 {[%clk 0:01:35]} g5 {[%clk 0:02:15]} 25. Rcd1
{[%clk 0:01:34]} Rg8 {[%clk 0:02:16]} 26. Qf3 {[%clk 0:00:51]} Rg6
{[%clk 0:02:11]} 27. Bd4 {[%clk 0:00:42]} Bxd4 {[%clk 0:01:50]} 28. Rxd4
{[%clk 0:00:43]} e5 {[%clk 0:01:51]} 29. Rd5 {[%clk 0:00:41]} Kg7
{[%clk 0:01:50]} 30. Qg4 {[%clk 0:00:35]} Qc7 {[%clk 0:01:48]} 31. Qe2
{[%clk 0:00:31]} Rf6 {[%clk 0:01:47]} 32. R1d3 {[%clk 0:00:28]} b6
{[%clk 0:01:39]} 33. axb6 {[%clk 0:00:27]} Rxb6 {[%clk 0:01:39]} 34. Qd2
{[%clk 0:00:24]} Qb8 {[%clk 0:01:38]} 35. Qd1 {[%clk 0:00:22]} Rc6
{[%clk 0:01:31]} 36. Qd2 {[%clk 0:00:20]} Rg6 {[%clk 0:01:31]} 37. Qd1
{[%clk 0:00:20]} Rf6 {[%clk 0:01:30]} 38. Qe2 {[%clk 0:00:20]} Rb6
{[%clk 0:01:29]} 39. Qd1 {[%clk 0:00:20]} Qc7 {[%clk 0:01:25]} 40. Qe2
{[%clk 0:00:16]} Qb8 {[%clk 0:01:17]} 41. Qe3 {[%clk 0:00:16]} Rc6
{[%clk 0:01:14]} 42. Qd2 {[%clk 0:00:14]} Kg6 {[%clk 0:01:15]} 43. Qe3
{[%clk 0:00:13]} Kh7 {[%clk 0:01:03]} 44. Qe2 {[%clk 0:00:12]} Kg7
{[%clk 0:01:04]} 45. Qd2 {[%clk 0:00:12]} Rb6 {[%clk 0:01:02]} 46. Qe3
{[%clk 0:00:13]} Rf4 {[%clk 0:01:03]} 47. Kh2 {[%clk 0:00:12]} Qc7
{[%clk 0:00:59]} 48. f3 {[%clk 0:00:13]} Rf6 {[%clk 0:01:00]} 49. c5
{[%clk 0:00:12]} dxc5 {[%clk 0:00:55]} 50. Qxc5 {[%clk 0:00:11]} Rbc6
{[%clk 0:00:25]} 51. Qa5 {[%clk 0:00:12]} Rfe6 {[%clk 0:00:20]} 52. Qxc7 Rxc7 53.
Rd6 {[%clk 0:00:06]} Kf6 {[%clk 0:00:23]} 54. Kg3 {[%clk 0:00:04]} Rb7
{[%clk 0:00:22]} 55. Rxe6+ {[%clk 0:00:04]} Kxe6 {[%clk 0:00:23]} 56. h4
{[%clk 0:00:06]} f6 {[%clk 0:00:14]} 57. Kg4 {[%clk 0:00:07]} h5+
{[%clk 0:00:15]} 58. Kg3 {[%clk 0:00:07]} Rb8 {[%clk 0:00:14]} 59. Rc3
{[%clk 0:00:07]} Kd6 {[%clk 0:00:15]} 60. Rd3+ {[%clk 0:00:09]} Kc6
{[%clk 0:00:16]} 61. hxg5 {[%clk 0:00:08]} fxg5 {[%clk 0:00:17]} 62. Rc3+
{[%clk 0:00:09]} Kd6 {[%clk 0:00:16]} 63. Rd3+ {[%clk 0:00:09]} Ke6
{[%clk 0:00:17]} 64. Rc3 {[%clk 0:00:09]} Kd6 {[%clk 0:00:10]} 65. Rd3+
{[%clk 0:00:10]} Kc6 {[%clk 0:00:11]} 66. Rc3+ {[%clk 0:00:10]} Kb5
{[%clk 0:00:12]} 67. Kf2 {[%clk 0:00:08]} a5 {[%clk 0:00:13]} 68. Ke3
{[%clk 0:00:07]} Kb4 {[%clk 0:00:14]} 69. Rd3 {[%clk 0:00:08]} Rb5
{[%clk 0:00:14]} 70. g3 {[%clk 0:00:08]} h4 {[%clk 0:00:13]} 71. gxh4
{[%clk 0:00:09]} gxh4 {[%clk 0:00:14]} 72. f4 {[%clk 0:00:10]} h3
{[%clk 0:00:12]} 73. fxe5 {[%clk 0:00:09]} h2 {[%clk 0:00:13]} 74. Rd1
{[%clk 0:00:10]} Rxe5 {[%clk 0:00:14]} 75. Kf4 {[%clk 0:00:10]} Rh5
{[%clk 0:00:16]} 76. Rh1 {[%clk 0:00:11]} Kxb3 {[%clk 0:00:16]} 77. e5
{[%clk 0:00:12]} a4 {[%clk 0:00:16]} 78. e6 {[%clk 0:00:14]} Rh8 {[%clk 0:00:12]}
79. Kf5 {[%clk 0:00:11]} Rf8+ {[%clk 0:00:14]} 80. Ke5 {[%clk 0:00:12]} Rf2
{[%clk 0:00:15]} 81. e7 {[%clk 0:00:13]} a3 {[%clk 0:00:16]} 82. Kd6
{[%clk 0:00:11]} Rd2+ {[%clk 0:00:16]} 83. Kc6 {[%clk 0:00:11]} Rc2+
{[%clk 0:00:17]} 84. Kd7 {[%clk 0:00:11]} Rd2+ {[%clk 0:00:18]} 85. Kc6
{[%clk 0:00:12]} Re2 {[%clk 0:00:19]} 86. Kd7 {[%clk 0:00:13]} a2
{[%clk 0:00:16]} 87. e8=Q {[%clk 0:00:14]} Rxe8 {[%clk 0:00:17]} 1/2-1/2

[Event "Blitz 2018"]
[Site "Saint-Petersburg"]
[Date "2018.12.29"]
[Round "7"]
[Board "17"]
[White "Jakovenko Dmitry (RUS)"]
[Black "Giri Anish (NED)"]
[Result "0-1"]
[LiveChessVersion "1.4.8"]
[BlackElo "2751"]
[WhiteElo "2616"]

1. Nf3 {[%clk 0:03:03]} d5 {[%clk 0:03:03]} 2. d4 {[%clk 0:03:04]} Nf6
{[%clk 0:03:05]} 3. c4 e6 4. Nc3 {[%clk 0:03:05]} Bb4 {[%clk 0:03:07]} 5. e3
{[%clk 0:03:03]} O-O {[%clk 0:03:07]} 6. Bd2 {[%clk 0:03:04]} b6 {[%clk 0:03:00]}
7. Bd3 {[%clk 0:03:03]} dxc4 {[%clk 0:03:00]} 8. Bxc4 {[%clk 0:03:03]} Bb7
{[%clk 0:03:00]} 9. O-O {[%clk 0:03:00]} Nbd7 {[%clk 0:02:59]} 10. Qe2
{[%clk 0:02:56]} a6 {[%clk 0:02:58]} 11. Rfd1 {[%clk 0:02:53]} b5
{[%clk 0:02:45]} 12. Bd3 {[%clk 0:02:28]} c5 {[%clk 0:02:45]} 13. Rac1
{[%clk 0:02:18]} cxd4 {[%clk 0:02:35]} 14. Nxd4 {[%clk 0:02:11]} Qe7
{[%clk 0:02:36]} 15. Bb1 {[%clk 0:02:08]} Rac8 {[%clk 0:02:34]} 16. a3
{[%clk 0:01:56]} Bd6 {[%clk 0:02:34]} 17. Na2 {[%clk 0:01:53]} Nd5
{[%clk 0:02:27]} 18. Nc3 {[%clk 0:01:41]} N7f6 {[%clk 0:02:09]} 19. e4
{[%clk 0:01:27]} Nf4 {[%clk 0:01:54]} 20. Qe1 {[%clk 0:01:08]} Rfd8
{[%clk 0:01:34]} 21. Nde2 {[%clk 0:00:55]} Ng6 {[%clk 0:01:28]} 22. Ng3
{[%clk 0:00:54]} Be5 {[%clk 0:01:25]} 23. Be3 {[%clk 0:00:43]} h5
{[%clk 0:00:55]} 24. Rxd8+ {[%clk 0:00:36]} Rxd8 {[%clk 0:00:55]} 25. f3
{[%clk 0:00:34]} h4 {[%clk 0:00:55]} 26. Nf1 {[%clk 0:00:35]} Nh5
{[%clk 0:00:53]} 27. Ne2 {[%clk 0:00:36]} Bxb2 {[%clk 0:00:52]} 28. Rd1
{[%clk 0:00:37]} Bxa3 {[%clk 0:00:46]} 29. Rxd8+ {[%clk 0:00:37]} Qxd8
{[%clk 0:00:47]} 30. f4 {[%clk 0:00:35]} Nf6 {[%clk 0:00:44]} 31. f5
{[%clk 0:00:35]} exf5 {[%clk 0:00:44]} 32. exf5 {[%clk 0:00:36]} Qd5
{[%clk 0:00:38]} 33. Qf2 {[%clk 0:00:24]} Ng4 {[%clk 0:00:39]} 34. Qf3
{[%clk 0:00:26]} Qxf3 {[%clk 0:00:40]} 35. gxf3 {[%clk 0:00:27]} Nxe3
{[%clk 0:00:39]} 36. Nxe3 {[%clk 0:00:28]} Bc5 {[%clk 0:00:36]} 0-1

[Event "Blitz 2018"]
[Site "Saint-Petersburg"]
[Date "2018.12.29"]
[Round "7"]
[Board "19"]
[White "Kazhgaleyev Murtas (KAZ)"]
[Black "Gelfand Boris (ISR)"]
[Result "1/2-1/2"]
[LiveChessVersion "1.4.8"]
[BlackElo "2722"]
[WhiteElo "2553"]

1. d4 {[%clk 0:03:02]} Nf6 {[%clk 0:03:04]} 2. c4 {[%clk 0:03:03]} e6
{[%clk 0:03:05]} 3. Nc3 {[%clk 0:03:03]} Bb4 {[%clk 0:03:06]} 4. e3
{[%clk 0:03:04]} O-O {[%clk 0:03:06]} 5. Bd3 {[%clk 0:03:04]} c5 {[%clk 0:03:06]}
6. Nge2 {[%clk 0:03:05]} d5 {[%clk 0:03:01]} 7. cxd5 {[%clk 0:03:04]} cxd4
{[%clk 0:03:00]} 8. exd4 {[%clk 0:03:04]} Nxd5 {[%clk 0:03:01]} 9. O-O
{[%clk 0:03:02]} Nc6 {[%clk 0:03:03]} 10. Nxd5 {[%clk 0:03:02]} exd5
{[%clk 0:03:04]} 11. Nf4 {[%clk 0:03:00]} Re8 {[%clk 0:03:02]} 12. Be3
{[%clk 0:02:58]} Bd6 {[%clk 0:03:03]} 13. Qf3 {[%clk 0:02:40]} Nb4
{[%clk 0:02:49]} 14. Bb1 {[%clk 0:02:39]} Qf6 {[%clk 0:02:47]} 15. a3
{[%clk 0:02:29]} Bxf4 {[%clk 0:02:46]} 16. Qxf4 {[%clk 0:02:26]} Qxf4
{[%clk 0:02:47]} 17. Bxf4 {[%clk 0:02:27]} Nc6 {[%clk 0:02:48]} 18. Be3
{[%clk 0:02:25]} Na5 {[%clk 0:02:31]} 19. Bd3 {[%clk 0:02:03]} Nb3
{[%clk 0:02:18]} 20. Rae1 {[%clk 0:01:51]} Bd7 {[%clk 0:02:18]} 21. Bc2
{[%clk 0:01:33]} Na5 {[%clk 0:02:13]} 22. Bd2 {[%clk 0:01:31]} Nc4
{[%clk 0:01:55]} 23. Bc3 {[%clk 0:01:31]} f6 {[%clk 0:01:38]} 24. Bd3
{[%clk 0:01:26]} Nd6 {[%clk 0:01:33]} 25. Rxe8+ {[%clk 0:01:26]} Rxe8
{[%clk 0:01:35]} 26. Re1 {[%clk 0:01:27]} Rxe1+ {[%clk 0:01:28]} 27. Bxe1
{[%clk 0:01:28]} Bf5 {[%clk 0:01:26]} 28. Bf1 {[%clk 0:01:10]} Nc4
{[%clk 0:01:22]} 29. Bc3 {[%clk 0:01:07]} Kf7 {[%clk 0:01:23]} 30. f3
{[%clk 0:01:05]} Ke6 {[%clk 0:01:11]} 31. Kf2 {[%clk 0:01:06]} Bc2
{[%clk 0:01:12]} 32. g3 {[%clk 0:01:01]} a6 {[%clk 0:01:09]} 33. h4
{[%clk 0:01:01]} h5 {[%clk 0:01:04]} 34. Bh3+ {[%clk 0:01:01]} Bf5
{[%clk 0:01:02]} 35. g4 {[%clk 0:00:52]} hxg4 {[%clk 0:01:03]} 36. fxg4
{[%clk 0:00:53]} Be4 {[%clk 0:01:01]} 37. Bf1 {[%clk 0:00:52]} Kf7
{[%clk 0:00:53]} 38. Be2 {[%clk 0:00:51]} g6 {[%clk 0:00:46]} 39. Kg3
{[%clk 0:00:51]} g5 {[%clk 0:00:44]} 40. h5 {[%clk 0:00:44]} Nd6 {[%clk 0:00:37]}
41. Bb4 {[%clk 0:00:44]} Nc4 {[%clk 0:00:35]} 42. b3 {[%clk 0:00:39]} Ne3
{[%clk 0:00:33]} 43. Kf2 {[%clk 0:00:31]} Nc2 {[%clk 0:00:24]} 44. Bc5
{[%clk 0:00:33]} Kg7 {[%clk 0:00:18]} 45. a4 {[%clk 0:00:34]} Na1
{[%clk 0:00:15]} 46. Bd1 {[%clk 0:00:32]} Nc2 {[%clk 0:00:15]} 47. Ke2
{[%clk 0:00:27]} a5 {[%clk 0:00:06]} 48. Bb6 {[%clk 0:00:17]} Kh6
{[%clk 0:00:04]} 49. Kd2 {[%clk 0:00:18]} Nb4 {[%clk 0:00:05]} 50. Bxa5
{[%clk 0:00:19]} Nc6 {[%clk 0:00:06]} 51. Bb6 {[%clk 0:00:21]} f5
{[%clk 0:00:07]} 52. gxf5 {[%clk 0:00:21]} Bxf5 {[%clk 0:00:09]} 53. a5
{[%clk 0:00:20]} g4 {[%clk 0:00:10]} 54. Ke3 {[%clk 0:00:18]} Kxh5
{[%clk 0:00:08]} 55. Kf4 {[%clk 0:00:18]} Bc8 {[%clk 0:00:06]} 56. Ke4 1/2-1/2

[Event "Blitz 2018"]
[Site "Saint-Petersburg"]
[Date "2018.12.29"]
[Round "7"]
[Board "20"]
[White "Abdusattorov Nodirbek (UZB)"]
[Black "Adly Ahmed (EGY)"]
[Result "0-1"]
[LiveChessVersion "1.4.8"]
[BlackElo "2675"]
[WhiteElo "2469"]

1. e4 {[%clk 0:03:03]} c5 {[%clk 0:03:03]} 2. Nf3 {[%clk 0:03:03]} Nf6
{[%clk 0:03:04]} 3. e5 {[%clk 0:03:01]} Nd5 {[%clk 0:03:05]} 4. Nc3
{[%clk 0:03:02]} Nxc3 {[%clk 0:03:06]} 5. dxc3 {[%clk 0:03:03]} Nc6
{[%clk 0:03:07]} 6. Bf4 {[%clk 0:02:59]} Qc7 {[%clk 0:03:06]} 7. Qd2
{[%clk 0:02:58]} e6 {[%clk 0:03:07]} 8. O-O-O {[%clk 0:02:53]} h6
{[%clk 0:03:08]} 9. h4 {[%clk 0:02:52]} Rb8 {[%clk 0:03:09]} 10. c4
{[%clk 0:02:42]} a6 {[%clk 0:03:03]} 11. a4 {[%clk 0:02:35]} b6 {[%clk 0:02:53]}
12. Kb1 {[%clk 0:02:34]} Bb7 {[%clk 0:02:54]} 13. Rh3 {[%clk 0:02:32]} Na5
{[%clk 0:02:47]} 14. Qc3 {[%clk 0:02:25]} Bc6 {[%clk 0:02:45]} 15. b3
{[%clk 0:02:20]} b5 {[%clk 0:02:35]} 16. cxb5 {[%clk 0:02:15]} axb5
{[%clk 0:02:37]} 17. Bxb5 {[%clk 0:02:08]} Bxb5 {[%clk 0:02:38]} 18. axb5
{[%clk 0:02:09]} Rxb5 {[%clk 0:02:39]} 19. Nd2 {[%clk 0:01:32]} c4
{[%clk 0:02:35]} 20. Ne4 {[%clk 0:01:13]} Nxb3 {[%clk 0:02:08]} 21. cxb3
{[%clk 0:01:07]} Rxb3+ 22. Qxb3 {[%clk 0:01:08]} cxb3 {[%clk 0:02:10]} 23. Rxb3
{[%clk 0:00:39]} Be7 {[%clk 0:02:08]} 24. Rc1 {[%clk 0:00:30]} Qd8
{[%clk 0:02:09]} 25. Nd6+ {[%clk 0:00:15]} Bxd6 {[%clk 0:02:10]} 26. exd6
{[%clk 0:00:16]} O-O {[%clk 0:02:10]} 27. Rc7 {[%clk 0:00:13]} Qxh4
{[%clk 0:02:07]} 28. Bg3 {[%clk 0:00:13]} Qe4+ {[%clk 0:02:02]} 29. Kb2
{[%clk 0:00:14]} Ra8 {[%clk 0:02:01]} 30. Kc3 {[%clk 0:00:08]} Qe1+
{[%clk 0:01:59]} 31. Kd3 {[%clk 0:00:08]} Qd1+ {[%clk 0:01:58]} 32. Kc3
{[%clk 0:00:08]} Ra2 {[%clk 0:01:55]} 33. Rc4 {[%clk 0:00:06]} Qd2#
{[%clk 0:01:55]} 34. Kd4 0-1

[Event "Blitz 2018"]
[Site "Saint-Petersburg"]
[Date "2018.12.29"]
[Round "7"]
[Board "21"]
[White "Dreev Aleksey (RUS)"]
[Black "Ghaem Maghami Ehsan (IRI)"]
[Result "0-1"]
[LiveChessVersion "1.4.8"]
[BlackElo "2582"]
[WhiteElo "2675"]

1. d4 {[%clk 0:03:03]} Nf6 {[%clk 0:03:04]} 2. Nf3 {[%clk 0:03:04]} e6
{[%clk 0:03:04]} 3. c4 {[%clk 0:03:05]} Bb4+ {[%clk 0:02:59]} 4. Nbd2
{[%clk 0:02:58]} d5 {[%clk 0:02:57]} 5. e3 {[%clk 0:02:51]} O-O {[%clk 0:02:55]}
6. a3 {[%clk 0:02:38]} Be7 {[%clk 0:02:54]} 7. b3 {[%clk 0:02:34]} b6
{[%clk 0:02:52]} 8. Bb2 {[%clk 0:02:35]} Bb7 {[%clk 0:02:53]} 9. Bd3
{[%clk 0:02:33]} Nbd7 {[%clk 0:02:43]} 10. O-O {[%clk 0:02:33]} c5
{[%clk 0:02:41]} 11. cxd5 {[%clk 0:02:18]} Nxd5 {[%clk 0:02:30]} 12. Rc1
{[%clk 0:02:04]} a6 {[%clk 0:01:56]} 13. Bb1 {[%clk 0:01:54]} Rc8
{[%clk 0:01:52]} 14. Qe2 {[%clk 0:01:44]} b5 {[%clk 0:01:48]} 15. Rfd1
{[%clk 0:01:36]} cxd4 {[%clk 0:01:20]} 16. Nxd4 {[%clk 0:01:35]} Rxc1
{[%clk 0:01:20]} 17. Rxc1 {[%clk 0:01:36]} Qa8 {[%clk 0:01:21]} 18. N2f3
{[%clk 0:01:25]} N5f6 {[%clk 0:01:18]} 19. h3 {[%clk 0:01:10]} Rc8
{[%clk 0:01:10]} 20. Qe1 {[%clk 0:01:08]} h6 {[%clk 0:01:03]} 21. Qd1
{[%clk 0:00:54]} Nb6 {[%clk 0:00:49]} 22. Rc2 {[%clk 0:00:51]} Be4
{[%clk 0:00:42]} 23. Rxc8+ {[%clk 0:00:50]} Qxc8 {[%clk 0:00:42]} 24. Ne5
{[%clk 0:00:44]} Ba8 {[%clk 0:00:40]} 25. Qc2 {[%clk 0:00:42]} Qxc2
{[%clk 0:00:26]} 26. Bxc2 {[%clk 0:00:43]} Bd6 {[%clk 0:00:24]} 27. Ndc6
{[%clk 0:00:40]} Nfd7 {[%clk 0:00:15]} 28. f3 {[%clk 0:00:16]} Nxe5
{[%clk 0:00:12]} 29. Nxe5 {[%clk 0:00:16]} f6 {[%clk 0:00:09]} 30. Nd3
{[%clk 0:00:16]} Kf7 {[%clk 0:00:05]} 31. Kf2 {[%clk 0:00:17]} g5
{[%clk 0:00:06]} 32. Bd4 {[%clk 0:00:17]} Nd7 {[%clk 0:00:06]} 33. b4
{[%clk 0:00:14]} Bd5 {[%clk 0:00:06]} 34. Bc3 {[%clk 0:00:10]} Bc4
{[%clk 0:00:05]} 35. Nb2 {[%clk 0:00:11]} Bd5 {[%clk 0:00:05]} 36. Bd4
{[%clk 0:00:11]} Ne5 {[%clk 0:00:04]} 37. Ke2 {[%clk 0:00:10]} Nc6
{[%clk 0:00:05]} 38. Bc3 {[%clk 0:00:10]} Ne5 {[%clk 0:00:06]} 39. Bd4
{[%clk 0:00:11]} Nc6 {[%clk 0:00:07]} 40. Bc3 {[%clk 0:00:12]} Ne5
{[%clk 0:00:08]} 41. Kd2 {[%clk 0:00:12]} Bc6 {[%clk 0:00:08]} 42. Bd4
{[%clk 0:00:12]} Ng6 {[%clk 0:00:10]} 43. Ke2 {[%clk 0:00:12]} Nh4
{[%clk 0:00:10]} 44. Kf2 {[%clk 0:00:14]} Nf5 {[%clk 0:00:11]} 45. Bb6
{[%clk 0:00:12]} Bg3+ {[%clk 0:00:11]} 46. Ke2 {[%clk 0:00:13]} Nh4
{[%clk 0:00:12]} 47. Kf1 {[%clk 0:00:14]} Bd6 {[%clk 0:00:11]} 48. Nd3
{[%clk 0:00:14]} Nf5 {[%clk 0:00:12]} 49. Kf2 {[%clk 0:00:14]} Bg3+
{[%clk 0:00:13]} 50. Ke2 {[%clk 0:00:15]} Nh4 {[%clk 0:00:13]} 51. Kf1
{[%clk 0:00:16]} Nf5 {[%clk 0:00:14]} 52. Bb3 {[%clk 0:00:15]} Bd6
{[%clk 0:00:13]} 53. Ke2 {[%clk 0:00:15]} Ne7 {[%clk 0:00:13]} 54. Bc5
{[%clk 0:00:16]} Bc7 {[%clk 0:00:13]} 55. Bxe7 {[%clk 0:00:17]} Kxe7
{[%clk 0:00:14]} 56. Nc5 {[%clk 0:00:18]} a5 {[%clk 0:00:11]} 57. Nxe6
{[%clk 0:00:17]} Bd6 {[%clk 0:00:11]} 58. Nd4 {[%clk 0:00:16]} Bd7
{[%clk 0:00:12]} 59. bxa5 {[%clk 0:00:15]} Bxa3 {[%clk 0:00:13]} 60. a6
{[%clk 0:00:16]} Bc5 {[%clk 0:00:14]} 61. Kd3 {[%clk 0:00:16]} Kd6
{[%clk 0:00:15]} 62. Ke4 {[%clk 0:00:15]} Kc7 {[%clk 0:00:13]} 63. Nf5
{[%clk 0:00:09]} Bc6+ {[%clk 0:00:11]} 64. Kd3 {[%clk 0:00:10]} h5
{[%clk 0:00:12]} 65. Ng7 {[%clk 0:00:11]} Be7 {[%clk 0:00:08]} 66. Nxh5
{[%clk 0:00:11]} Kb6 {[%clk 0:00:09]} 67. Ng7 {[%clk 0:00:11]} Kxa6
{[%clk 0:00:10]} 68. Nf5 {[%clk 0:00:12]} Bf8 {[%clk 0:00:11]} 69. h4
{[%clk 0:00:12]} Bd7 {[%clk 0:00:07]} 70. Ke4 {[%clk 0:00:11]} gxh4
{[%clk 0:00:07]} 71. Nxh4 {[%clk 0:00:12]} Ka5 {[%clk 0:00:08]} 72. Ng6
{[%clk 0:00:12]} Bc5 {[%clk 0:00:08]} 73. Nf4 {[%clk 0:00:11]} Bd6
{[%clk 0:00:07]} 74. Nd3 {[%clk 0:00:10]} Kb6 {[%clk 0:00:05]} 75. Bd5 b4 76. Kd4
{[%clk 0:00:09]} Kb5 {[%clk 0:00:07]} 77. Bb3 {[%clk 0:00:10]} Bf5
{[%clk 0:00:07]} 78. e4 {[%clk 0:00:11]} Bd7 {[%clk 0:00:08]} 79. g4
{[%clk 0:00:11]} Kb6 {[%clk 0:00:08]} 80. Ke3 {[%clk 0:00:10]} Bb5
{[%clk 0:00:09]} 81. Nb2 {[%clk 0:00:10]} Kc5 {[%clk 0:00:07]} 82. f4
{[%clk 0:00:10]} Bd7 {[%clk 0:00:08]} 83. Nd3+ {[%clk 0:00:11]} Kb6
{[%clk 0:00:09]} 84. g5 {[%clk 0:00:10]} fxg5 {[%clk 0:00:09]} 85. f5
{[%clk 0:00:12]} Bb5 {[%clk 0:00:09]} 86. e5 {[%clk 0:00:11]} Bxd3
{[%clk 0:00:09]} 87. Kxd3 Bxe5 88. Kc4 {[%clk 0:00:10]} Bd6 {[%clk 0:00:09]} 89.
Kd5 {[%clk 0:00:10]} Bf8 90. Ke4 {[%clk 0:00:10]} Be7 {[%clk 0:00:05]} 91. Be6
{[%clk 0:00:09]} Kc5 {[%clk 0:00:04]} 92. Bb3 {[%clk 0:00:10]} Bf6
{[%clk 0:00:05]} 93. Be6 {[%clk 0:00:11]} Kb5 {[%clk 0:00:05]} 94. Bb3
{[%clk 0:00:12]} Kc5 {[%clk 0:00:06]} 95. Be6 {[%clk 0:00:13]} Kd6
{[%clk 0:00:07]} 96. Bb3 {[%clk 0:00:14]} Bc3 {[%clk 0:00:07]} 97. Bc4
{[%clk 0:00:14]} Ke7 {[%clk 0:00:08]} 98. Kf3 {[%clk 0:00:12]} Kf6
{[%clk 0:00:09]} 99. Ke4 {[%clk 0:00:12]} Bd2 {[%clk 0:00:10]} 100. Kd3
{[%clk 0:00:12]} Bc1 {[%clk 0:00:11]} 101. Ke4 {[%clk 0:00:13]} g4
{[%clk 0:00:12]} 102. Bd5 {[%clk 0:00:11]} Kg5 {[%clk 0:00:12]} 103. Bb3
{[%clk 0:00:10]} Bb2 {[%clk 0:00:14]} 104. Be6 {[%clk 0:00:10]} Bf6
{[%clk 0:00:15]} 105. Bd5 {[%clk 0:00:09]} Bd8 {[%clk 0:00:13]} 106. Be6
{[%clk 0:00:09]} Bf6 {[%clk 0:00:10]} 107. Bd5 {[%clk 0:00:09]} Be7
{[%clk 0:00:09]} 108. Ke5 {[%clk 0:00:09]} Bf6+ {[%clk 0:00:08]} 109. Ke4
{[%clk 0:00:10]} Bg7 {[%clk 0:00:09]} 110. Be6 {[%clk 0:00:11]} Bf8
{[%clk 0:00:08]} 111. f6 {[%clk 0:00:11]} g3 112. Kf3 {[%clk 0:00:10]} Kxf6
{[%clk 0:00:08]} 113. Bb3 {[%clk 0:00:09]} Bd6 {[%clk 0:00:10]} 114. Ke3
{[%clk 0:00:10]} Ke5 {[%clk 0:00:11]} 115. Bc4 {[%clk 0:00:11]} Bc5+
{[%clk 0:00:13]} 116. Kf3 {[%clk 0:00:11]} Kd4 {[%clk 0:00:13]} 117. Be6
{[%clk 0:00:11]} Bd6 {[%clk 0:00:15]} 118. Ke2 Kc3 119. Bf5 {[%clk 0:00:11]} b3
{[%clk 0:00:17]} 120. Kf3 {[%clk 0:00:11]} Kd2 {[%clk 0:00:16]} 0-1

[Event "Blitz 2018"]
[Site "Saint-Petersburg"]
[Date "2018.12.29"]
[Round "7"]
[Board "22"]
[White "Nihal Sarin (IND)"]
[Black "Inarkiev Ernesto (RUS)"]
[Result "0-1"]
[LiveChessVersion "1.4.8"]
[BlackElo "2674"]
[WhiteElo "2506"]

1. d4 {[%clk 0:03:02]} d5 {[%clk 0:03:04]} 2. Nf3 {[%clk 0:03:02]} Nf6
{[%clk 0:03:02]} 3. Bf4 {[%clk 0:03:03]} c5 {[%clk 0:03:03]} 4. e3
{[%clk 0:03:04]} Nc6 {[%clk 0:03:04]} 5. Nbd2 {[%clk 0:03:05]} Qb6
{[%clk 0:03:01]} 6. dxc5 {[%clk 0:03:05]} Qxb2 {[%clk 0:03:01]} 7. Rb1
{[%clk 0:03:06]} Qc3 {[%clk 0:03:00]} 8. Bb5 {[%clk 0:03:05]} e6 {[%clk 0:02:56]}
9. O-O {[%clk 0:03:03]} Be7 {[%clk 0:02:56]} 10. Ne5 {[%clk 0:02:44]} Bd7
{[%clk 0:02:31]} 11. Nd3 {[%clk 0:02:12]} Rc8 {[%clk 0:02:32]} 12. Nb3
{[%clk 0:01:57]} O-O {[%clk 0:02:03]} 13. Bxc6 {[%clk 0:01:36]} Bxc6
{[%clk 0:01:59]} 14. Be5 {[%clk 0:01:37]} Qc4 {[%clk 0:01:59]} 15. Na5
{[%clk 0:01:39]} Qa6 {[%clk 0:01:45]} 16. Nxc6 {[%clk 0:01:34]} Qxc6
{[%clk 0:01:45]} 17. Rb3 {[%clk 0:01:16]} Nd7 {[%clk 0:01:42]} 18. Qb1
{[%clk 0:01:15]} Nxc5 {[%clk 0:01:26]} 19. Nxc5 {[%clk 0:01:13]} Bxc5
{[%clk 0:01:27]} 20. Rxb7 {[%clk 0:00:50]} Bb6 {[%clk 0:01:23]} 21. Re7
{[%clk 0:00:51]} Rfd8 {[%clk 0:01:01]} 22. Bd4 {[%clk 0:00:44]} Bc7
{[%clk 0:00:35]} 23. Qa1 {[%clk 0:00:32]} Bxh2+ {[%clk 0:00:26]} 24. Kh1
{[%clk 0:00:27]} Bd6 {[%clk 0:00:27]} 25. Rxa7 {[%clk 0:00:25]} Qxc2
{[%clk 0:00:28]} 26. Kg1 {[%clk 0:00:16]} Qg6 {[%clk 0:00:18]} 27. Rc1
{[%clk 0:00:17]} Rxc1+ {[%clk 0:00:14]} 28. Qxc1 {[%clk 0:00:18]} h5
{[%clk 0:00:15]} 29. a4 {[%clk 0:00:08]} Rb8 {[%clk 0:00:15]} 30. Bb2
{[%clk 0:00:04]} h4 {[%clk 0:00:15]} 31. Kf1 {[%clk 0:00:03]} h3 {[%clk 0:00:10]}
32. gxh3 {[%clk 0:00:04]} Qe4 {[%clk 0:00:10]} 33. Qc3 {[%clk 0:00:05]} Qb1+
{[%clk 0:00:09]} 34. Bc1 {[%clk 0:00:06]} Bb4 {[%clk 0:00:06]} 35. Qc7
{[%clk 0:00:06]} Rf8 {[%clk 0:00:07]} 36. Rb7 {[%clk 0:00:05]} Qd3+
{[%clk 0:00:08]} 37. Kg2 {[%clk 0:00:06]} Be1 {[%clk 0:00:08]} 38. Qf4
{[%clk 0:00:05]} Bc3 {[%clk 0:00:08]} 39. Ba3 {[%clk 0:00:06]} Qg6+
{[%clk 0:00:08]} 40. Qg4 {[%clk 0:00:07]} Qxg4+ {[%clk 0:00:08]} 41. hxg4
{[%clk 0:00:08]} Ra8 {[%clk 0:00:10]} 42. Rc7 {[%clk 0:00:07]} Be5
{[%clk 0:00:10]} 43. Rb7 {[%clk 0:00:06]} Rxa4 {[%clk 0:00:11]} 44. Bc5
{[%clk 0:00:04]} Rxg4+ 45. Kf3 Rc4 {[%clk 0:00:12]} 46. Ba7 {[%clk 0:00:07]} g5
{[%clk 0:00:13]} 47. Rd7 {[%clk 0:00:08]} Kg7 {[%clk 0:00:13]} 48. Rd8
{[%clk 0:00:08]} Kf6 {[%clk 0:00:10]} 49. Rg8 {[%clk 0:00:08]} Kf5
{[%clk 0:00:11]} 50. Rf8 {[%clk 0:00:09]} f6 {[%clk 0:00:12]} 51. Bb6
{[%clk 0:00:09]} g4+ {[%clk 0:00:12]} 52. Ke2 {[%clk 0:00:10]} Rc2+
{[%clk 0:00:13]} 53. Kd1 {[%clk 0:00:11]} Ra2 {[%clk 0:00:13]} 54. Rg8
{[%clk 0:00:09]} Rb2 {[%clk 0:00:13]} 55. Ba7 {[%clk 0:00:09]} Ra2
{[%clk 0:00:12]} 56. Bb6 {[%clk 0:00:11]} Bc3 {[%clk 0:00:12]} 57. Bc5
{[%clk 0:00:08]} Rb2 {[%clk 0:00:12]} 58. Ba7 {[%clk 0:00:09]} e5
{[%clk 0:00:12]} 59. Kc1 {[%clk 0:00:09]} d4 {[%clk 0:00:13]} 60. exd4
{[%clk 0:00:09]} exd4 {[%clk 0:00:14]} 61. Rd8 {[%clk 0:00:07]} Rxf2 62. Kd1 g3
{[%clk 0:00:15]} 63. Rg8 {[%clk 0:00:08]} g2 {[%clk 0:00:16]} 0-1